Liczby po Hiszpańsku - Statystyki

Ogólne statystyki
  • Ten quiz został rozwiązany 877 razy
  • Średni wynik to 27 z 48
Statystyki odpowiedzi
Liczba Po Hiszpańsku % Poprawnych
1 uno
100%
2 dos
99%
3 tres
99%
8 ocho
85%
4 cuatro
84%
7 siete
84%
5 cinco
83%
6 seis
83%
9 nueve
82%
10 diez
79%
11 once
72%
0 cero
71%
12 doce
70%
13 trece
69%
14 catorce
64%
15 quince
64%
20 veinte
63%
19 diecinueve
62%
18 dieciocho
62%
17 diecisiete
62%
16 dieciséis
61%
21 veintiuno
60%
30 treinta
52%
80 ochenta
51%
31 treinta y uno
51%
60 sesenta
50%
40 cuarenta
49%
81 ochenta y uno
49%
61 sesenta y uno
49%
100 cien
48%
41 cuarenta y uno
48%
70 setenta
48%
50 cincuenta
47%
90 noventa
47%
91 noventa y uno
47%
51 cincuenta y uno
46%
71 setenta y uno
46%
1000 mil
39%
101 ciento uno
37%
200 doscientos
36%
300 trescientos
36%
400 cuatrocientos
34%
800 ochocientos
34%
600 seiscientos
34%
900 novecientos
31%
700 setecientos
30%
500 quinientos
27%
1000000 millón
22%
Nie znaleziono quizów pasujących do podanych kryteriów
Rozkład punktacji
Procent ludzi z każdym wynikiem
Percentyl według liczby udzielonych odpowiedzi
Twoja historia wyników
Nie rozwiązałeś tego quizu